000 00442cam a22001457a 4500
008 180718b1993 xxu||||| |||| 00| 0 eng d
020 _a0195860047
082 _aQ31x5 Q41
245 _aRural poverty in Asia: priority issues and policy options
_cedited by M.G. Quibria
260 _aNew York
_bOxford University Press
_c1993
300 _a433p.
650 _aAsia --Rural conditions
650 _aRural poor --Asia
700 _aQuibria, M.G.
999 _c376296
_d376296